[Event "WCO 2016"]
[Site "?"]
[Date "2016.09.13"]
[Round "11"]
[Board "31"]
[WhiteID "6100538"]
[White "Ramos Efren Andres"]
[BlackID "101710"]
[Black "Rodi Luis Ernesto"]
[Result "0-1"]
[BlackElo "2340"]
[WhiteElo "2199"]
[LiveChessVersion "1.4.8"]

1. Nf3 {[%clk 1:30:54]} f5 {[%clk 1:28:52]} 2. d4 {[%clk 1:29:04]} d6
{[%clk 1:29:11]} 3. b3 {[%clk 1:26:38]} g6 {[%clk 1:28:44]} 4. Bb2
{[%clk 1:26:49]} Bg7 {[%clk 1:29:06]} 5. g3 {[%clk 1:27:11]} c5 {[%clk 1:28:46]}
6. Bg2 {[%clk 1:27:16]} Nc6 {[%clk 1:29:05]} 7. O-O {[%clk 1:26:02]} Nh6
{[%clk 1:27:51]} 8. c4 {[%clk 1:25:38]} O-O {[%clk 1:23:16]} 9. Qd2
{[%clk 1:19:38]} e5 {[%clk 1:20:49]} 10. d5 {[%clk 1:18:50]} Nb4 {[%clk 1:13:44]}
11. Nc3 {[%clk 1:09:54]} e4 {[%clk 1:10:37]} 12. Ne1 {[%clk 1:09:57]} Ng4
{[%clk 1:08:56]} 13. e3 {[%clk 1:04:19]} Ne5 {[%clk 1:08:07]} 14. Rb1
{[%clk 0:55:06]} Bd7 {[%clk 1:05:41]} 15. a3 {[%clk 0:47:19]} Na6
{[%clk 1:02:40]} 16. Ba1 {[%clk 0:37:34]} Qe7 {[%clk 0:57:31]} 17. Qe2
{[%clk 0:37:00]} Rac8 {[%clk 0:57:35]} 18. Nc2 {[%clk 0:34:33]} Bf6
{[%clk 0:51:14]} 19. a4 {[%clk 0:32:08]} Nc7 {[%clk 0:44:04]} 20. Nb5
{[%clk 0:27:34]} a6 {[%clk 0:43:53]} 21. Nxc7 {[%clk 0:27:51]} Rxc7
{[%clk 0:44:20]} 22. Ne1 {[%clk 0:24:13]} b5 {[%clk 0:42:05]} 23. axb5
{[%clk 0:24:13]} axb5 {[%clk 0:42:29]} 24. f3 {[%clk 0:23:48]} exf3
{[%clk 0:40:07]} 25. Nxf3 {[%clk 0:23:48]} Ng4 {[%clk 0:34:11]} 26. Bxf6
{[%clk 0:23:23]} Qxf6 {[%clk 0:31:51]} 27. h3 {[%clk 0:19:37]} Ne5
{[%clk 0:31:46]} 28. Kh2 {[%clk 0:14:38]} Re8 {[%clk 0:29:18]} 29. Rfe1
{[%clk 0:07:13]} Rb7 {[%clk 0:26:41]} 30. Nd2 {[%clk 0:06:35]} Qg5
{[%clk 0:23:37]} 31. Qf1 {[%clk 0:00:47]} Rf8 {[%clk 0:17:23]} 32. Qf4
{[%clk 0:01:02]} Qe7 {[%clk 0:17:16]} 33. Qf1 {[%clk 0:01:09]} Qg7
{[%clk 0:12:57]} 34. Qe2 {[%clk 0:00:52]} Qh6 {[%clk 0:13:12]} 35. Nf1
{[%clk 0:01:00]} Rfb8 {[%clk 0:13:23]} 36. Rbc1 {[%clk 0:01:00]} bxc4
{[%clk 0:10:48]} 37. bxc4 {[%clk 0:01:14]} Rb2 {[%clk 0:07:37]} 38. Rc2
{[%clk 0:01:35]} R2b4 {[%clk 0:07:05]} 39. Nd2 {[%clk 0:00:36]} Ba4
{[%clk 0:06:45]} 40. Ra2 {[%clk 0:30:56]} Bb3 {[%clk 0:35:18]} 41. Ra7
{[%clk 0:23:42]} Bxc4 {[%clk 0:33:36]} 42. Nxc4 {[%clk 0:23:51]} Rxc4
{[%clk 0:33:04]} 43. Qa2 {[%clk 0:22:49]} Rcb4 {[%clk 0:32:57]} 44. Ra8
{[%clk 0:18:31]} Qf8 {[%clk 0:30:53]} 45. Rxb8 {[%clk 0:18:35]} Qxb8
{[%clk 0:31:11]} 46. Re2 {[%clk 0:18:32]} c4 {[%clk 0:30:03]} 47. Qa1
{[%clk 0:17:40]} Qc7 {[%clk 0:25:34]} 48. Ra2 {[%clk 0:17:43]} Rb7
{[%clk 0:25:31]} 49. Ra8+ {[%clk 0:17:33]} Kg7 {[%clk 0:23:17]} 50. Re8
{[%clk 0:15:42]} Ra7 {[%clk 0:21:45]} 51. Qc3 {[%clk 0:14:21]} Ra2
{[%clk 0:17:34]} 52. Kh1 {[%clk 0:12:48]} Qa5 {[%clk 0:14:45]} 53. Re7+
{[%clk 0:08:02]} Kf8 {[%clk 0:13:48]} 54. Qxa5 {[%clk 0:08:15]} Rxa5
{[%clk 0:14:12]} 55. Rxh7 {[%clk 0:08:43]} c3 {[%clk 0:14:18]} 0-1

[Event "WCO 2016"]
[Site "?"]
[Date "2016.09.13"]
[Round "11"]
[Board "32"]
[WhiteID "3001717"]
[White "Coppola Claudio"]
[BlackID "6600360"]
[Black "Mathews Cesar"]
[Result "1-0"]
[BlackElo "2116"]
[WhiteElo "2230"]
[LiveChessVersion "1.4.8"]

1. d4 {[%clk 1:30:57]} Nf6 {[%clk 1:30:49]} 2. c4 {[%clk 1:31:20]} e6
{[%clk 1:31:08]} 3. g3 {[%clk 1:31:46]} d5 {[%clk 1:31:20]} 4. Bg2
{[%clk 1:32:11]} Bb4+ {[%clk 1:31:46]} 5. Bd2 {[%clk 1:32:36]} Be7
{[%clk 1:32:08]} 6. Nf3 {[%clk 1:33:02]} O-O {[%clk 1:32:16]} 7. O-O
{[%clk 1:33:27]} c6 {[%clk 1:31:48]} 8. Qc2 {[%clk 1:33:52]} b6 {[%clk 1:32:13]}
9. Bf4 {[%clk 1:34:15]} Nbd7 {[%clk 1:23:59]} 10. Rd1 {[%clk 1:34:32]} Ba6
{[%clk 1:21:31]} 11. cxd5 {[%clk 1:30:12]} Nxd5 {[%clk 1:17:22]} 12. Nc3
{[%clk 1:26:26]} Nxf4 {[%clk 1:06:34]} 13. gxf4 {[%clk 1:26:50]} Qc7
{[%clk 1:04:57]} 14. Ne5 {[%clk 1:20:19]} Nxe5 {[%clk 1:03:07]} 15. dxe5
{[%clk 1:20:41]} Rad8 {[%clk 0:54:51]} 16. Qe4 {[%clk 1:10:44]} Bb7
{[%clk 0:50:58]} 17. b4 {[%clk 1:05:09]} Ba8 {[%clk 0:48:04]} 18. Qc4
{[%clk 1:03:29]} Qb8 {[%clk 0:24:58]} 19. Rac1 {[%clk 0:44:15]} c5
{[%clk 0:23:05]} 20. b5 {[%clk 0:43:34]} Bxg2 {[%clk 0:22:26]} 21. Kxg2
{[%clk 0:44:01]} Rxd1 {[%clk 0:20:52]} 22. Rxd1 {[%clk 0:44:20]} Rd8
{[%clk 0:21:08]} 23. Qe4 {[%clk 0:41:16]} Rxd1 {[%clk 0:16:47]} 24. Nxd1
{[%clk 0:41:44]} Qd8 {[%clk 0:16:38]} 25. Ne3 {[%clk 0:41:55]} g6
{[%clk 0:08:46]} 26. Qb7 {[%clk 0:41:39]} Bh4 {[%clk 0:09:10]} 27. Qxa7
{[%clk 0:31:24]} Qd4 {[%clk 0:08:06]} 28. Qa8+ {[%clk 0:30:26]} Kg7
{[%clk 0:08:12]} 29. Kf3 {[%clk 0:16:49]} h5 {[%clk 0:04:50]} 30. Qe4
{[%clk 0:16:47]} Qa1 {[%clk 0:05:07]} 31. f5 {[%clk 0:16:16]} g5 {[%clk 0:02:49]}
32. Kg2 {[%clk 0:07:41]} Qxa2 {[%clk 0:00:36]} 33. f6+ {[%clk 0:08:00]} Kg8
{[%clk 0:00:34]} 34. Qc6 {[%clk 0:08:06]} Qa7 {[%clk 0:00:34]} 35. Qc8+
{[%clk 0:07:56]} 1-0

[Event "WCO 2016"]
[Site "?"]
[Date "2016.09.13"]
[Round "11"]
[Board "33"]
[WhiteID "6200346"]
[White "Kongsee Uaychai"]
[BlackID "1800833"]
[Black "Jones Richard S."]
[Result "0-1"]
[BlackElo "2396"]
[WhiteElo "2285"]
[LiveChessVersion "1.4.8"]

1. f4 {[%clk 1:30:46]} d5 {[%clk 1:30:55]} 2. Nf3 {[%clk 1:31:11]} Nf6
{[%clk 1:31:21]} 3. g3 {[%clk 1:31:35]} g6 {[%clk 1:31:48]} 4. Bg2
{[%clk 1:31:34]} Bg7 {[%clk 1:32:13]} 5. O-O {[%clk 1:31:58]} O-O
{[%clk 1:32:40]} 6. d3 {[%clk 1:32:24]} c5 {[%clk 1:33:04]} 7. Qe1
{[%clk 1:32:26]} Nc6 {[%clk 1:32:57]} 8. e4 {[%clk 1:32:43]} dxe4
{[%clk 1:32:38]} 9. dxe4 {[%clk 1:33:06]} e5 {[%clk 1:32:53]} 10. Nc3
{[%clk 1:33:30]} Nd4 {[%clk 1:32:29]} 11. fxe5 {[%clk 1:28:03]} Ng4
{[%clk 1:31:35]} 12. Nxd4 {[%clk 1:28:25]} cxd4 {[%clk 1:32:00]} 13. Nd5
{[%clk 1:28:50]} Be6 {[%clk 1:28:24]} 14. Qb4 {[%clk 1:27:55]} Re8
{[%clk 1:27:00]} 15. Qxd4 {[%clk 1:25:35]} Bxe5 {[%clk 1:24:02]} 16. Qb4
{[%clk 1:23:55]} Rc8 {[%clk 1:12:17]} 17. h3 {[%clk 1:09:45]} Bxg3
{[%clk 1:05:16]} 18. Bf4 {[%clk 1:05:27]} Bxf4 {[%clk 1:02:10]} 19. Rxf4
{[%clk 1:05:12]} Bxd5 {[%clk 1:02:00]} 20. hxg4 {[%clk 0:47:58]} Be6
{[%clk 0:43:21]} 21. c3 {[%clk 0:46:15]} b6 {[%clk 0:42:14]} 22. e5
{[%clk 0:44:06]} Qg5 {[%clk 0:40:44]} 23. Raf1 {[%clk 0:39:49]} Qxe5
{[%clk 0:38:57]} 24. a4 {[%clk 0:39:06]} Red8 {[%clk 0:37:31]} 25. Re4
{[%clk 0:36:45]} Qg5 {[%clk 0:37:07]} 26. Qb5 {[%clk 0:34:12]} Rc5
{[%clk 0:33:48]} 27. Qe2 {[%clk 0:32:28]} Rd2 {[%clk 0:32:13]} 28. Qf3
{[%clk 0:28:19]} Re5 {[%clk 0:31:40]} 29. Rxe5 {[%clk 0:26:59]} Qxe5
{[%clk 0:31:13]} 30. Qa8+ {[%clk 0:25:50]} Kg7 {[%clk 0:31:36]} 31. b4
{[%clk 0:23:02]} Bd5 {[%clk 0:31:04]} 0-1

[Event "WCO 2016"]
[Site "?"]
[Date "2016.09.13"]
[Round "11"]
[Board "34"]
[WhiteID "616753"]
[White "Strugnell Carl"]
[BlackID "6200176"]
[Black "Teerapabpaisit Wisuwat"]
[Result "1-0"]
[BlackElo "2248"]
[WhiteElo "2239"]
[LiveChessVersion "1.4.8"]

1. e4 {[%clk 1:30:59]} c5 {[%clk 1:30:58]} 2. Nf3 {[%clk 1:31:23]} e6
{[%clk 1:31:23]} 3. Nc3 {[%clk 1:31:49]} a6 {[%clk 1:31:47]} 4. d4
{[%clk 1:32:17]} cxd4 {[%clk 1:32:10]} 5. Nxd4 {[%clk 1:32:43]} Qc7
{[%clk 1:32:18]} 6. Bd3 {[%clk 1:33:08]} Nc6 {[%clk 1:32:28]} 7. Nxc6
{[%clk 1:33:33]} dxc6 {[%clk 1:32:33]} 8. O-O {[%clk 1:33:54]} e5
{[%clk 1:31:19]} 9. f4 {[%clk 1:34:13]} Bd6 {[%clk 1:31:16]} 10. f5
{[%clk 1:34:13]} Nf6 {[%clk 1:22:41]} 11. Kh1 {[%clk 1:22:55]} b5
{[%clk 1:20:36]} 12. a4 {[%clk 1:20:58]} b4 {[%clk 1:18:58]} 13. Nb1
{[%clk 1:21:06]} Bb7 {[%clk 1:17:15]} 14. a5 {[%clk 1:12:59]} h5 {[%clk 0:56:00]}
15. Nd2 {[%clk 1:09:56]} Ng4 {[%clk 0:55:18]} 16. Nc4 {[%clk 1:08:25]} Bc5
{[%clk 0:54:51]} 17. Qe1 {[%clk 1:00:51]} Qd8 {[%clk 0:49:52]} 18. b3
{[%clk 0:44:09]} Qd4 {[%clk 0:38:44]} 19. Bb2 {[%clk 0:44:19]} Nf2+
{[%clk 0:39:11]} 20. Rxf2 {[%clk 0:44:44]} Qxf2 {[%clk 0:39:39]} 21. Nd6+
{[%clk 0:44:33]} Kd7 {[%clk 0:33:42]} 22. Nxb7 {[%clk 0:44:35]} Qxe1+
{[%clk 0:33:54]} 23. Rxe1 {[%clk 0:45:00]} Be7 {[%clk 0:34:17]} 24. Bxe5
{[%clk 0:45:12]} Rhb8 {[%clk 0:27:12]} 25. Bxb8 {[%clk 0:45:04]} Rxb8
{[%clk 0:27:41]} 26. Bxa6 {[%clk 0:41:13]} Kc7 {[%clk 0:28:01]} 27. Rd1
{[%clk 0:41:07]} f6 {[%clk 0:28:05]} 28. h3 {[%clk 0:38:14]} Bf8 {[%clk 0:28:17]}
29. g4 {[%clk 0:37:38]} hxg4 {[%clk 0:28:06]} 30. hxg4 {[%clk 0:38:04]} Ra8
{[%clk 0:22:30]} 31. Bc4 {[%clk 0:38:14]} Kxb7 {[%clk 0:22:31]} 32. Rd7+
{[%clk 0:38:27]} Kb8 {[%clk 0:22:14]} 33. a6 {[%clk 0:38:29]} Bc5
{[%clk 0:21:58]} 34. Rxg7 {[%clk 0:37:08]} Bd4 {[%clk 0:20:03]} 35. Rb7+
{[%clk 0:36:53]} Kc8 {[%clk 0:20:30]} 36. Be6+ {[%clk 0:37:17]} 1-0

[Event "WCO 2016"]
[Site "?"]
[Date "2016.09.13"]
[Round "11"]
[Board "35"]
[WhiteID "6201610"]
[White "Kulpruethanon Thanadon"]
[BlackID "1801210"]
[Black "Kett Tim"]
[Result "1-0"]
[BlackElo "2227"]
[WhiteElo "2235"]
[LiveChessVersion "1.4.8"]

1. Nf3 {[%clk 1:30:57]} g6 {[%clk 1:30:46]} 2. c4 {[%clk 1:30:31]} Bg7
{[%clk 1:30:49]} 3. g3 {[%clk 1:29:32]} f5 {[%clk 1:25:20]} 4. d4
{[%clk 1:28:31]} Nf6 {[%clk 1:25:37]} 5. Bg2 {[%clk 1:28:52]} O-O
{[%clk 1:26:00]} 6. O-O {[%clk 1:29:13]} d6 {[%clk 1:26:25]} 7. Nc3
{[%clk 1:29:39]} c6 {[%clk 1:25:04]} 8. d5 {[%clk 1:29:27]} e5 {[%clk 1:20:46]}
9. dxe6 {[%clk 1:27:41]} Bxe6 {[%clk 1:20:48]} 10. b3 {[%clk 1:23:05]} Ne4
{[%clk 1:12:56]} 11. Nxe4 {[%clk 1:23:09]} fxe4 {[%clk 1:06:32]} 12. Nd4
{[%clk 1:11:17]} Bf7 {[%clk 1:03:35]} 13. Be3 {[%clk 1:00:39]} d5
{[%clk 1:01:31]} 14. Rc1 {[%clk 0:55:34]} Nd7 {[%clk 1:01:05]} 15. cxd5
{[%clk 0:54:40]} Bxd5 {[%clk 0:59:07]} 16. Nc2 {[%clk 0:46:49]} Qa5
{[%clk 0:47:19]} 17. Bd4 {[%clk 0:42:04]} Nf6 {[%clk 0:47:06]} 18. Ne3
{[%clk 0:42:02]} Rad8 {[%clk 0:41:22]} 19. Qc2 {[%clk 0:41:33]} Qb5
{[%clk 0:37:36]} 20. Nxd5 {[%clk 0:39:56]} cxd5 {[%clk 0:33:27]} 21. Bh3
{[%clk 0:37:50]} Nh5 {[%clk 0:28:03]} 22. Be6+ {[%clk 0:32:43]} Kh8
{[%clk 0:28:12]} 23. Qd2 {[%clk 0:32:32]} Rfe8 {[%clk 0:22:20]} 24. Bg4
{[%clk 0:26:47]} Re7 {[%clk 0:18:05]} 25. Rc5 {[%clk 0:24:59]} Qe8
{[%clk 0:17:42]} 26. Rfc1 {[%clk 0:23:58]} Nf6 {[%clk 0:16:36]} 27. Bxf6
{[%clk 0:14:18]} Bxf6 {[%clk 0:17:00]} 28. Rxd5 {[%clk 0:14:25]} Rxd5
{[%clk 0:16:53]} 29. Qxd5 {[%clk 0:14:53]} Kg7 {[%clk 0:16:03]} 30. e3
{[%clk 0:13:31]} Qf7 {[%clk 0:13:07]} 31. Qc5 {[%clk 0:13:28]} b6
{[%clk 0:11:57]} 32. Qc2 {[%clk 0:12:03]} Qd5 {[%clk 0:09:32]} 33. Be2
{[%clk 0:11:40]} h5 {[%clk 0:08:00]} 34. Bc4 {[%clk 0:11:44]} Qe5
{[%clk 0:08:06]} 35. Rd1 {[%clk 0:10:34]} b5 {[%clk 0:07:15]} 36. Rd5
{[%clk 0:08:10]} Qa1+ {[%clk 0:07:29]} 37. Rd1 {[%clk 0:08:12]} Qe5
{[%clk 0:07:19]} 38. Rd5 {[%clk 0:07:50]} Qa1+ {[%clk 0:07:32]} 39. Bf1
{[%clk 0:07:56]} b4 {[%clk 0:07:12]} 40. Rc5 {[%clk 0:35:05]} Qb2
{[%clk 0:34:22]} 41. Qxb2 {[%clk 0:34:25]} Bxb2 {[%clk 0:34:45]} 42. Rc4
{[%clk 0:34:18]} a5 {[%clk 0:30:05]} 43. Bg2 {[%clk 0:34:08]} Rd7
{[%clk 0:30:18]} 44. Bxe4 {[%clk 0:34:10]} Rd1+ {[%clk 0:30:29]} 45. Kg2
{[%clk 0:34:34]} Bc3 {[%clk 0:23:45]} 46. Rc6 {[%clk 0:28:59]} Rd2
{[%clk 0:22:00]} 47. a4 {[%clk 0:26:33]} Bf6 {[%clk 0:19:54]} 48. Ra6
{[%clk 0:21:36]} Rb2 {[%clk 0:17:53]} 49. Bd5 {[%clk 0:20:49]} Bd8
{[%clk 0:14:08]} 50. h4 {[%clk 0:19:49]} g5 {[%clk 0:14:15]} 51. hxg5
{[%clk 0:17:37]} Bxg5 {[%clk 0:14:40]} 52. Kf3 {[%clk 0:11:20]} Bf6
{[%clk 0:11:33]} 53. Rxa5 {[%clk 0:10:10]} h4 {[%clk 0:11:50]} 54. gxh4
{[%clk 0:08:26]} Bxh4 {[%clk 0:12:12]} 55. Ra7+ {[%clk 0:07:55]} Kf6
{[%clk 0:11:26]} 56. Ke4 {[%clk 0:06:26]} Bxf2 {[%clk 0:11:28]} 57. Rf7+
{[%clk 0:05:58]} Kg6 {[%clk 0:11:09]} 58. Rf3 {[%clk 0:05:51]} Be1
{[%clk 0:10:09]} 59. Kd4 {[%clk 0:04:54]} Bd2 {[%clk 0:08:45]} 60. e4
{[%clk 0:03:51]} Rc2 {[%clk 0:08:54]} 61. Bc4 {[%clk 0:04:12]} Ra2
{[%clk 0:08:30]} 62. Kc5 {[%clk 0:04:31]} Ra1 {[%clk 0:08:03]} 63. Kb5
{[%clk 0:04:55]} Bc3 {[%clk 0:06:13]} 64. a5 {[%clk 0:05:07]} Kg5
{[%clk 0:06:34]} 65. a6 {[%clk 0:05:29]} Kg4 {[%clk 0:06:47]} 66. Rf7
{[%clk 0:05:47]} Kg5 {[%clk 0:06:58]} 67. Kc6 {[%clk 0:05:30]} Kg6
{[%clk 0:06:52]} 68. Rf5 {[%clk 0:05:12]} Ra2 {[%clk 0:06:06]} 69. Kb7
{[%clk 0:05:22]} Bd4 {[%clk 0:06:11]} 70. Rb5 {[%clk 0:04:42]} Kf6
{[%clk 0:06:28]} 71. Rxb4 {[%clk 0:03:46]} Ke5 {[%clk 0:06:51]} 72. Bd5
{[%clk 0:04:04]} Rh2 {[%clk 0:06:36]} 73. Rxd4 {[%clk 0:03:54]} Kxd4
{[%clk 0:06:59]} 74. a7 {[%clk 0:04:15]} Rh7+ {[%clk 0:07:05]} 75. Kb6
{[%clk 0:04:38]} 1-0

[Event "WCO 2016"]
[Site "?"]
[Date "2016.09.13"]
[Round "11"]
[Board "36"]
[WhiteID "402060"]
[White "Sands David A"]
[BlackID "6200206"]
[Black "Pitirotjirathon Jirapak"]
[Result "1/2-1/2"]
[BlackElo "2205"]
[WhiteElo "2122"]
[LiveChessVersion "1.4.8"]

1. d4 {[%clk 1:30:57]} Nf6 {[%clk 1:30:55]} 2. c4 {[%clk 1:31:16]} e6
{[%clk 1:31:17]} 3. Nc3 {[%clk 1:31:33]} Bb4 {[%clk 1:30:49]} 4. e3
{[%clk 1:31:56]} c5 {[%clk 1:30:43]} 5. Nge2 {[%clk 1:32:15]} O-O
{[%clk 1:28:33]} 6. a3 {[%clk 1:31:39]} Bxc3+ {[%clk 1:28:47]} 7. Nxc3
{[%clk 1:31:59]} cxd4 {[%clk 1:25:27]} 8. exd4 {[%clk 1:31:34]} d5
{[%clk 1:25:19]} 9. c5 {[%clk 1:14:56]} b6 {[%clk 1:19:43]} 10. b4
{[%clk 1:12:08]} bxc5 {[%clk 1:14:24]} 11. dxc5 {[%clk 1:11:59]} d4
{[%clk 1:09:06]} 12. Nb5 {[%clk 1:09:33]} e5 {[%clk 1:09:08]} 13. Bc4
{[%clk 0:53:21]} Bb7 {[%clk 0:58:47]} 14. Nd6 {[%clk 0:40:23]} Bd5
{[%clk 0:58:43]} 15. O-O {[%clk 0:35:46]} Bxc4 {[%clk 0:58:13]} 16. Nxc4
{[%clk 0:36:06]} Qd5 {[%clk 0:57:22]} 17. Nd6 {[%clk 0:36:21]} Nbd7
{[%clk 0:53:07]} 18. Re1 {[%clk 0:35:15]} a5 {[%clk 0:44:10]} 19. Rb1
{[%clk 0:32:02]} Rfb8 {[%clk 0:39:59]} 20. Bd2 {[%clk 0:32:02]} axb4
{[%clk 0:37:36]} 21. axb4 {[%clk 0:32:12]} Ra2 {[%clk 0:36:53]} 22. Rc1
{[%clk 0:29:35]} e4 {[%clk 0:35:23]} 23. Rc2 {[%clk 0:26:58]} Rba8
{[%clk 0:34:35]} 24. Nc4 {[%clk 0:19:55]} Rxc2 {[%clk 0:20:26]} 25. Qxc2
{[%clk 0:20:19]} Ne5 {[%clk 0:18:10]} 26. Nxe5 {[%clk 0:14:37]} Qxe5
{[%clk 0:18:35]} 27. h3 {[%clk 0:14:04]} Qd5 {[%clk 0:16:44]} 28. Rb1
{[%clk 0:13:11]} Ra2 {[%clk 0:14:29]} 29. Rb2 {[%clk 0:13:21]} Ra1+
{[%clk 0:14:11]} 30. Rb1 {[%clk 0:13:33]} Ra2 {[%clk 0:12:45]} 31. Rb2
{[%clk 0:13:55]} Ra1+ {[%clk 0:11:46]} 32. Rb1 {[%clk 0:14:16]} Ra2
{[%clk 0:11:31]} 33. Rb2 {[%clk 0:14:25]} 1/2-1/2

[Event "WCO 2016"]
[Site "?"]
[Date "2016.09.13"]
[Round "11"]
[Board "33"]
[WhiteID "4800800"]
[White "Ismael Namir Mohammed Ismael"]
[BlackID "12300055"]
[Black "Shrestha Keshav"]
[Result "1-0"]
[BlackElo "2099"]
[WhiteElo "2161"]
[LiveChessVersion "1.4.8"]

1. d4 {[%clk 1:30:58]} Nf6 {[%clk 1:30:41]} 2. Nf3 {[%clk 1:31:21]} d5
{[%clk 1:30:42]} 3. e3 {[%clk 1:31:40]} e6 {[%clk 1:30:26]} 4. Bd3
{[%clk 1:31:43]} Nbd7 {[%clk 1:29:57]} 5. b3 {[%clk 1:31:13]} Bb4+
{[%clk 1:28:35]} 6. c3 {[%clk 1:28:26]} Bd6 {[%clk 1:28:05]} 7. Nbd2
{[%clk 1:21:56]} O-O {[%clk 1:23:26]} 8. e4 {[%clk 1:22:06]} dxe4
{[%clk 1:21:09]} 9. Nxe4 {[%clk 1:22:29]} Nxe4 {[%clk 1:20:58]} 10. Bxe4
{[%clk 1:22:53]} h6 {[%clk 1:19:34]} 11. O-O {[%clk 1:22:52]} Re8
{[%clk 1:16:40]} 12. c4 {[%clk 1:10:24]} Nf6 {[%clk 1:12:00]} 13. Bc2
{[%clk 1:10:20]} b6 {[%clk 1:10:55]} 14. Bb2 {[%clk 1:07:28]} Bb7
{[%clk 1:09:38]} 15. Qe2 {[%clk 1:05:52]} Nh5 {[%clk 1:02:20]} 16. g3
{[%clk 1:00:27]} Nf6 {[%clk 0:58:06]} 17. Rad1 {[%clk 0:58:46]} Qe7
{[%clk 0:55:59]} 18. Ne5 {[%clk 0:52:06]} Rad8 {[%clk 0:53:05]} 19. h3
{[%clk 0:22:24]} c5 {[%clk 0:51:26]} 20. dxc5 {[%clk 0:20:18]} Bxc5
{[%clk 0:50:43]} 21. Nd3 {[%clk 0:05:41]} Bd6 {[%clk 0:49:11]} 22. f4
{[%clk 0:04:09]} Ne4 {[%clk 0:43:14]} 23. Kh2 {[%clk 0:04:18]} f5
{[%clk 0:42:49]} 24. Ne5 {[%clk 0:02:06]} Qc7 {[%clk 0:38:53]} 25. g4
{[%clk 0:02:15]} Bxe5 {[%clk 0:27:05]} 26. Bxe5 {[%clk 0:02:34]} Qe7
{[%clk 0:26:31]} 27. gxf5 {[%clk 0:02:26]} exf5 {[%clk 0:26:05]} 28. Bxe4
{[%clk 0:01:22]} Bxe4 {[%clk 0:25:29]} 29. Rg1 {[%clk 0:01:03]} g5
{[%clk 0:22:51]} 30. Qh5 {[%clk 0:01:17]} Qe6 {[%clk 0:09:01]} 31. Rxg5+
{[%clk 0:00:50]} Kf8 {[%clk 0:09:29]} 32. Rg6 {[%clk 0:00:54]} Rxd1
{[%clk 0:08:16]} 33. Qxh6+ {[%clk 0:01:09]} 1-0

[Event "WCO 2016"]
[Site "?"]
[Date "2016.09.13"]
[Round "11"]
[Board "34"]
[WhiteID "12301906"]
[White "Maharjan Sajin"]
[BlackID "4803361"]
[Black "Mohammed Zozek Salah Mohammed"]
[Result "0-1"]
[BlackElo "2251"]
[WhiteElo "2034"]
[LiveChessVersion "1.4.8"]

1. e4 {[%clk 1:30:56]} c5 {[%clk 1:30:53]} 2. Nc3 {[%clk 1:31:21]} d6
{[%clk 1:31:18]} 3. f4 {[%clk 1:31:45]} Nc6 {[%clk 1:31:25]} 4. Nf3
{[%clk 1:32:08]} g6 {[%clk 1:31:15]} 5. Bb5 {[%clk 1:32:31]} Bd7 {[%clk 1:31:06]}
6. d3 {[%clk 1:31:09]} Bg7 {[%clk 1:30:59]} 7. O-O {[%clk 1:30:44]} a6
{[%clk 1:26:10]} 8. Bc4 {[%clk 1:24:31]} e6 {[%clk 1:14:30]} 9. f5
{[%clk 1:19:15]} gxf5 {[%clk 1:05:59]} 10. Ng5 {[%clk 1:18:23]} h6
{[%clk 0:53:32]} 11. Nxf7 {[%clk 1:07:54]} Kxf7 {[%clk 0:52:33]} 12. exf5
{[%clk 1:03:42]} Bd4+ {[%clk 0:49:41]} 13. Kh1 {[%clk 1:03:26]} Nf6
{[%clk 0:47:56]} 14. Ne4 {[%clk 0:42:06]} d5 {[%clk 0:37:38]} 15. fxe6+
{[%clk 0:39:00]} Bxe6 {[%clk 0:34:41]} 16. Qh5+ {[%clk 0:33:34]} Ke7
{[%clk 0:29:04]} 17. Nxf6 {[%clk 0:33:01]} Bxf6 {[%clk 0:26:35]} 18. Bxh6
{[%clk 0:21:45]} Qe8 {[%clk 0:20:58]} 19. Qe2 {[%clk 0:17:23]} Rxh6
{[%clk 0:21:13]} 20. Rae1 {[%clk 0:17:42]} Be5 {[%clk 0:21:21]} 21. h3
{[%clk 0:16:15]} dxc4 {[%clk 0:21:14]} 0-1

[Event "WCO 2016"]
[Site "?"]
[Date "2016.09.13"]
[Round "11"]
[Board "35"]
[WhiteID "4801040"]
[White "Al-Saffar Araz Basim Mohammed S"]
[BlackID "12310654"]
[Black "Bhandari Kshitiz"]
[Result "0-1"]
[BlackElo "2013"]
[WhiteElo "2361"]
[LiveChessVersion "1.4.8"]

1. d4 {[%clk 1:30:54]} Nf6 {[%clk 1:30:48]} 2. Nf3 {[%clk 1:31:18]} g6
{[%clk 1:31:12]} 3. c4 {[%clk 1:31:36]} Bg7 {[%clk 1:31:34]} 4. g3
{[%clk 1:32:00]} d6 {[%clk 1:32:01]} 5. Bg2 {[%clk 1:32:23]} O-O {[%clk 1:32:27]}
6. O-O {[%clk 1:32:46]} Nc6 {[%clk 1:32:44]} 7. Nc3 {[%clk 1:32:00]} a6
{[%clk 1:33:10]} 8. d5 {[%clk 1:30:33]} Na5 {[%clk 1:33:31]} 9. b3
{[%clk 1:30:30]} c5 {[%clk 1:33:23]} 10. dxc6 {[%clk 1:30:44]} Nxc6
{[%clk 1:33:48]} 11. Bb2 {[%clk 1:30:01]} Rb8 {[%clk 1:33:34]} 12. Ne1
{[%clk 1:09:37]} Bd7 {[%clk 1:32:53]} 13. e4 {[%clk 1:08:05]} b5 {[%clk 1:30:13]}
14. cxb5 {[%clk 1:07:46]} axb5 {[%clk 1:30:11]} 15. Nd5 {[%clk 1:07:55]} Nxd5
{[%clk 1:24:14]} 16. Bxg7 {[%clk 1:06:50]} Ne3 {[%clk 1:24:39]} 17. fxe3
{[%clk 0:58:25]} Kxg7 {[%clk 1:25:05]} 18. Nc2 {[%clk 0:58:22]} Ne5
{[%clk 1:25:26]} 19. Nb4 {[%clk 0:57:32]} h5 {[%clk 1:20:39]} 20. Qd4
{[%clk 0:56:25]} f6 {[%clk 1:14:31]} 21. Rac1 {[%clk 0:46:09]} Rc8
{[%clk 0:55:28]} 22. Nd5 {[%clk 0:40:35]} Rc6 {[%clk 0:30:33]} 23. Qa7
{[%clk 0:35:31]} Kf7 {[%clk 0:25:37]} 24. Rxc6 {[%clk 0:31:50]} Nxc6
{[%clk 0:26:00]} 25. Qb7 {[%clk 0:32:08]} Ne5 {[%clk 0:23:38]} 26. Rc1
{[%clk 0:31:44]} Qa5 {[%clk 0:24:00]} 27. Rf1 {[%clk 0:27:08]} Qxa2
{[%clk 0:14:29]} 28. b4 {[%clk 0:18:37]} Rc8 {[%clk 0:08:21]} 29. Nc7
{[%clk 0:17:27]} Qc4 {[%clk 0:07:36]} 30. Qd5+ {[%clk 0:16:39]} e6
{[%clk 0:07:34]} 31. Nxb5 {[%clk 0:16:02]} exd5 {[%clk 0:07:04]} 32. Nxd6+
{[%clk 0:16:24]} Ke7 {[%clk 0:07:15]} 33. Nxc4 {[%clk 0:16:52]} dxc4
{[%clk 0:07:33]} 34. Rc1 {[%clk 0:16:44]} Nd3 {[%clk 0:07:39]} 35. Rc3
{[%clk 0:17:07]} Nxb4 {[%clk 0:08:00]} 36. e5 {[%clk 0:17:36]} fxe5
{[%clk 0:08:17]} 37. Bf1 {[%clk 0:17:59]} Be6 {[%clk 0:08:30]} 38. Kf2
{[%clk 0:18:18]} Na2 {[%clk 0:08:35]} 39. Ra3 {[%clk 0:18:00]} c3
{[%clk 0:08:49]} 40. Ra7+ {[%clk 0:48:20]} Kf6 {[%clk 0:39:11]} 41. Bd3
{[%clk 0:48:41]} Nb4 {[%clk 0:39:30]} 0-1